Miscellanea musicologica sborník prací Katedry hudební vědy na Filozofické fakultě Univerzity Karlovy

Bibliographic Details
Format: Serial
Language:Miscellaneous languages
Multiple languages
PhysicalDescription:zv. 21 cm
Published: Praha Karolinum 1956-
ISSN:0544-4136
Subjects:

MARC

LEADER 00000cas a22000004a 4500
001 vtls010208672
003 SK-MaSNL
005 20260228161156.0
008 110203c19569999xr mrz 0 0mis d
022 |a 0544-4136 
040 |a SNK  |b slo  |c SNK  |d SVKPO  |e AACR2 
041 0 |a mul 
044 |a xr  |c CZ 
080 |a 78  |2 2011 
210 0 |a Misc. musicol.  |b (Praha) 
222 0 |a Miscellanea musicologica  |b (Praha) 
245 0 0 |a Miscellanea musicologica  |b sborník prací Katedry hudební vědy na Filozofické fakultě Univerzity Karlovy 
246 3 4 |a Universitas Carolina Pragensis. Facultas Philosophica. Miscellanea musicologica 
260 |a Praha  |b Karolinum  |c 1956- 
300 |a zv.  |c 21 cm 
310 |a Nepravidelne 
362 0 |a 1 (1956)- 
500 |a Popis podľa :1959, VIII. svazek 
500 |a Niektoré zv. vyšli ako monografie. Jednotlivé zv. majú ISBN 
650 0 7 |a muzikológia  |2 SNKPH  |9 3175 
710 2 |a Univerzita Karlova.  |b Filozofická fakulta.  |b Ústav hudební vědy  |4 pbl  |9 251378 
910 |a snk 
999 |c 4566  |d 6496 
952 |0 0  |1 1  |3 rekatalogizácia  |4 0  |7 0  |8 3  |a SNK  |b SNK  |d 2011-02-03  |i snkK 4343/91  |l 0  |o snkČD 1036/8/1959  |p 17A0688364  |r 2026-02-21 19:56:29  |t svazek 8  |w 2026-02-21  |y PREZ 
952 |0 0  |1 1  |4 0  |7 0  |8 1  |a SNK  |b SNK  |d 2011-02-03  |i snkD 96/75  |l 0  |o snkČD 1036/17/1962  |p 17A0688347  |r 2026-02-21 19:56:29  |t svazek 17  |w 2026-02-21  |y PREZ 
952 |0 0  |1 1  |4 0  |7 0  |a SNK  |b SNK  |d 2011-02-03  |i snkKIP 2959/76  |l 0  |o snkČD 1036/27-28/1975  |p 17A0688363  |r 2026-02-21 19:56:29  |t svazek 27-28  |w 2026-02-21  |y PREZ